00429nam a2200157Ia 45000010006000000050017000060080041000230410008000640820018000721000036000902450092001262600009002183000028002276500008002556540008002631940620260306172650.0260306t2012||||xx |||||||||||||| ||spa|| aESP a659.111bA193 aAyestarán Crespo, RaqueleAUT 0aPlanificación estrategica y gestión de la publicidad:bconectando con el consumidor c2012 a350 páginas :c24 cm. aGEN aCAN